| 000 | 00875nam a2200253 a 4500 | ||
|---|---|---|---|
| 001 | BRCA_8329 | ||
| 005 | 20190320210231.0 | ||
| 008 | 300614s1924----gw-a###f##---#001-0#ger-# | ||
| 041 | _ager | ||
| 044 | _agw | ||
| 050 | 4 |
_aNX70 _b.H5 1924 |
|
| 100 | 1 |
_aHildebrandt, Hans _920820 |
|
| 245 | 1 | 0 |
_aDie kunst des 19. und 20. jahrhunderts _cHans Hildebrandt ; begründet von Fritz Burger ; herausgegeben von A. E. Brinckmann. |
| 260 |
_aAlemania _bAkademische Verlagsgesellschaft Athenaion _c1924 |
||
| 300 |
_a458 p. _bil. (algunas a color), 23 láminas _c29 cm. |
||
| 440 | 0 |
_aHandbuch der Kunstwissenschaft _920821 |
|
| 500 | _aIncluye índice de ilustraciones e índice de artistas | ||
| 500 | _aR38 | ||
| 650 | 1 | 4 |
_aArte _xHistoria _ySiglos XIX y XX _95919 |
| 700 | 1 |
_aBurger, Fritz _920822 |
|
| 700 | 1 |
_aBrinckmann, A. E. _eed. _920823 |
|
| 902 | _aGFM | ||
| 942 |
_2lcc _cB |
||
| 999 |
_c7997 _d7997 |
||